Lenguaje y comunicación 3º Básico: texto para el estudiante

Saved in:
Bibliografiske detaljer
Main Authors: Aldunate Díaz, Vilma (Author), López Fuster, Mónica (Author)
Format: Bog
Sprog:spansk
Udgivet: Santiago Cal y Canto 2007
Udgivelse:2a. ed
Fag:
Tags: Tilføj Tag
Ingen Tags, Vær først til at tagge denne postø!

MARC

LEADER 00000nam a2200000 a 4500
001 UCI5768
003 CL-VaPUC
008 080404e20070000CL |||||||||||||||||spa|d
020 |a 9567602816 
082 0 4 |a 372.6  |b ALD  |2 21 
100 0 |a Aldunate Díaz, Vilma  |e author  |9 528377 
700 0 |a López Fuster, Mónica  |e author  |9 528378 
245 1 0 |a Lenguaje y comunicación 3º Básico: texto para el estudiante 
250 |a 2a. ed 
300 |a 176 p 
942 |c BK 
945 |d 20080404 00:00:00  |a jtorresc 
260 |a Santiago  |b Cal y Canto  |c 2007 
650 0 |a Educación básica   |9 224933 
650 0 |a Enseñanza de la escritura  |9 307377 
650 0 |a Enseñanza de la lectura  |9 308364 
650 0 |a Educación lingüística  |9 306506 
650 0 |a Métodos de enseñanza  |9 270413 
583 |a last modification  |c 20171004 12:17:27  |k Rodrigo Vera 
999 |c 329460  |d 329458 
952 |0 0  |1 0  |4 0  |6 372_600000000000000_ALD_2007  |7 0  |8 A  |9 414201  |a BIBEDU  |b BIBEDU  |d 2019-11-22  |i 4434471  |o 372.6 ALD 2007  |p 4434471  |r 2019-11-22  |w 2019-11-22  |y BK  |k EBA 
952 |0 0  |1 0  |4 0  |6 372_600000000000000_ALD_2007  |7 0  |8 A  |9 414202  |a BIBEDU  |b BIBEDU  |d 2019-11-22  |i 4461436  |o 372.6 ALD 2007  |p 4461436  |r 2019-11-22  |w 2019-11-22  |y BK  |k EDU